<?xml version="1.0" encoding="UTF-8"?>
<record
    xmlns:xsi="http://www.w3.org/2001/XMLSchema-instance"
    xsi:schemaLocation="http://www.loc.gov/MARC21/slim http://www.loc.gov/standards/marcxml/schema/MARC21slim.xsd"
    xmlns="http://www.loc.gov/MARC21/slim">

  <leader>00805nam a2200193Ia 4500</leader>
  <controlfield tag="008">151121s9999||||xx |||||||||||||| ||und||</controlfield>
  <datafield tag="082" ind1=" " ind2=" ">
    <subfield code="a">923&#x964;2/&#x928;&#x93E;&#x930;&#x93E;&#x92F;</subfield>
  </datafield>
  <datafield tag="082" ind1=" " ind2=" ">
    <subfield code="b">HNW-64193</subfield>
  </datafield>
  <datafield tag="100" ind1=" " ind2=" ">
    <subfield code="a">&#x928;&#x93E;&#x930;&#x93E;&#x92F;&#x923; &#x91C;&#x92F;&#x92A;&#x94D;&#x930;&#x915;&#x93E;&#x936;</subfield>
  </datafield>
  <datafield tag="245" ind1=" " ind2=" ">
    <subfield code="a">&#x938;&#x94D;&#x935;&#x917;&#x924;( &#x91C;&#x92F;&#x92A;&#x94D;&#x930;&#x915;&#x93E;&#x936; &#x928;&#x93E;&#x930;&#x93E;&#x92F;&#x923;) &#x92F;&#x93E;&#x902;&#x91A;&#x940; &#x926;&#x948;&#x928;&#x902;&#x964; &#x964;</subfield>
  </datafield>
  <datafield tag="260" ind1=" " ind2=" ">
    <subfield code="b">"&#x905;&#x92D;&#x92F;, &#x92A;&#x941;&#x923;&#x947;&#x964;"</subfield>
  </datafield>
  <datafield tag="260" ind1=" " ind2=" ">
    <subfield code="c">--</subfield>
  </datafield>
  <datafield tag="300" ind1=" " ind2=" ">
    <subfield code="a">135</subfield>
  </datafield>
  <datafield tag="600" ind1=" " ind2=" ">
    <subfield code="a">&#x928;&#x93E;&#x930;&#x93E;&#x92F;&#x923; &#x91C;&#x92F;&#x92A;&#x94D;&#x930;&#x915;&#x93E;&#x936;</subfield>
  </datafield>
  <datafield tag="630" ind1=" " ind2=" ">
    <subfield code="a">&#x938;&#x94D;&#x935;&#x917;&#x924;( &#x91C;&#x92F;&#x92A;&#x94D;&#x930;&#x915;&#x93E;&#x936; &#x928;&#x93E;&#x930;&#x93E;&#x92F;&#x923;) &#x92F;&#x93E;&#x902;&#x91A;&#x940; &#x926;&#x948;&#x928;&#x902;&#x964; &#x964;</subfield>
  </datafield>
  <datafield tag="700" ind1=" " ind2=" ">
    <subfield code="a">&#x928;&#x93E;&#x930;&#x93E;&#x92F;&#x923; &#x91C;&#x92F;&#x92A;&#x94D;&#x930;&#x915;&#x93E;&#x936;</subfield>
  </datafield>
  <datafield tag="730" ind1=" " ind2=" ">
    <subfield code="a">&#x938;&#x94D;&#x935;&#x917;&#x924;( &#x91C;&#x92F;&#x92A;&#x94D;&#x930;&#x915;&#x93E;&#x936; &#x928;&#x93E;&#x930;&#x93E;&#x92F;&#x923;) &#x92F;&#x93E;&#x902;&#x91A;&#x940; &#x926;&#x948;&#x928;&#x902;&#x964; &#x964;</subfield>
  </datafield>
  <datafield tag="942" ind1=" " ind2=" ">
    <subfield code="c">BOOK</subfield>
  </datafield>
  <datafield tag="999" ind1=" " ind2=" ">
    <subfield code="c">1245721</subfield>
    <subfield code="d">1245718</subfield>
  </datafield>
  <datafield tag="952" ind1=" " ind2=" ">
    <subfield code="0">0</subfield>
    <subfield code="1">0</subfield>
    <subfield code="4">0</subfield>
    <subfield code="7">0</subfield>
    <subfield code="a">HNW</subfield>
    <subfield code="b">HNW</subfield>
    <subfield code="d">2015-11-21</subfield>
    <subfield code="g">5.00</subfield>
    <subfield code="l">0</subfield>
    <subfield code="o">HNW-64193</subfield>
    <subfield code="p">HNW-64193</subfield>
    <subfield code="r">2015-11-21 00:00:00</subfield>
    <subfield code="v">5.00</subfield>
    <subfield code="w">2015-11-21</subfield>
    <subfield code="y">BOOK</subfield>
  </datafield>
</record>
